000 00782nam a22002057a 4500
003 UA-OsUOA
001 45000
007 ta
008 20110921b un ||||| |||| 00| 0 ukr d
090 _a050
_bЦ44
942 _cMG
040 _aUA-OsUOA
_bukr
_cUA-OsUOA
_dUA-OsUOA
245 _aЦерковний вісник. Місячник Української Католицької Парафії Святих Володимира і Ольги в Чікаго
955 _a4
041 _aukr
080 _a050
310 _a2005: Ч.20 (857); 2007: Ч.6 (878); 2008: Ч.8
650 7 _a050 Серійні публікації. Періодика галузі, Організація та інші типи поєднання (співробітництва)
_2UDC
999 _c425103
_d425103